Luciano Jaramillo : (Registro nro. 31048)

Detalles MARC
000 -LEADER
fixed length control field 00723nam a22002057a 4500
003 - CONTROL NUMBER IDENTIFIER
control field OSt
005 - DATE AND TIME OF LATEST TRANSACTION
control field 20250714152754.0
008 - FIXED-LENGTH DATA ELEMENTS--GENERAL INFORMATION
fixed length control field 250714t |||ad||| |||| 00| 0 spa d
020 ## - INTERNATIONAL STANDARD BOOK NUMBER
International Standard Book Number 9789587420845
037 ## - SOURCE OF ACQUISITION
Source of stock number/acquisition Donación
040 ## - CATALOGING SOURCE
Original cataloging agency CO-JMCR
Language of cataloging spa
Transcribing agency CO-JMCR
Description conventions rda
Modifying agency CO-JMCR
041 0# - LANGUAGE CODE
Language code of text/sound track or separate title spa
082 04 - DEWEY DECIMAL CLASSIFICATION NUMBER
Classification number 759.861
Item number G65l
Edition number 23
100 1# - MAIN ENTRY--PERSONAL NAME
Personal name Gómez Echeverri, Nicolás,
Dates associated with a name 1984 -
9 (RLIN) 44224
245 10 - TITLE STATEMENT
Title Luciano Jaramillo :
Remainder of title pintura y dibujo /
Statement of responsibility, etc. Textos de Nicolás Gómez Echeverri, Sylvia Juliana Suarez segura, Fotografías general de Oscar Monsalve.
264 ## - PRODUCTION, PUBLICATION, DISTRIBUTION, MANUFACTURE, AND COPYRIGHT NOTICE
Place of production, publication, distribution, manufacture Bogotá :
Name of producer, publisher, distributor, manufacturer Ediciones Gamma :
-- Seguros Bolivar,
Date of production, publication, distribution, manufacture, or copyright notice 2023.
300 ## - PHYSICAL DESCRIPTION
Extent 255 páginas :
Other physical details ilustraciones, fotografías ;
Dimensions 31 cm.
942 ## - ADDED ENTRY ELEMENTS (KOHA)
Source of classification or shelving scheme Dewey Decimal Classification
Koha item type Books
949 ## - LOCAL PROCESSING INFORMATION (OCLC)
a c
b c
Existencias
Withdrawn status Lost status Source of classification or shelving scheme Damaged status Not for loan Collection code Home library Current library Shelving location Date acquired Source of acquisition Total Checkouts Full call number Barcode Date last seen Copy number Price effective from Koha item type
    Dewey Decimal Classification     Non-fiction Biblioteca Pública José María del Castillo y Rada Biblioteca Pública José María del Castillo y Rada Book Cart 05/12/2025 Donación   759.861 G65l 201812665 07/14/2025 Ej.1 07/14/2025 Books